Statistics for 10 Easternmost Capital Cities in Europe

Click here to take the quiz!

General Stats

  • This quiz has been taken 4,134 times
  • The average score is 8 of 10

Answer Stats

LongitudeCapital City% Correct
37°37′EMoscow
96%
30°31′EKiev
91%
27°34′EMinsk
85%
24°06′ERiga
85%
24°45′ETallinn
84%
26°06′EBucharest
82%
25°56′EHelsinki
82%
25°17′EVilnius
77%
23°43′EAthens
72%
28°55′EChişinău
67%

Score Distribution

Percentile by Number Answered

Percent of People with Each Score

Your Score History

You have not taken this quiz